000 00327nam a22001337a 4500
008 170526b xxu||||| |||| 00| 0 eng d
020 _a9780130452795
041 _aeng
080 _a62
100 _a25
101 _aIM
245 _aMULTIVARIABBLE CALCULUS WITH ENGINEERING AND SCIENCE
_cANSELSONE.P.M
942 _2udc
_cBK
999 _c14555
_d14555